| 000 | 00993nac a22002897a 4500 | ||
|---|---|---|---|
| 001 | BR8704146 | ||
| 003 | BR-BrBNA | ||
| 005 | 20240105120522.0 | ||
| 008 | 230509b bl.|||m| |||| 00| 0 por d | ||
| 040 |
_aBR-BrBNA _bpor _cBiblioteca Nacional de Agricultura |
||
| 072 | _aN20 | ||
| 090 | _a2480 BR8704146 | ||
| 100 | 1 | _aAlbuquerque, P.E.P. | |
| 100 | 1 | _aPereira, J.C.R. | |
| 100 | 1 | _aSantos, A.F. dos | |
| 110 | 1 | _aCentro Nacional de Pesquisa da Seringueira e Dende, Manaus, AM (Brasil) | |
| 245 | 1 | _aEfeito da velocidade do vento e de diferentes vazoes no alcance vertical de atomizadores costais em seringal adulto | |
| 260 | 3 |
_aManaus, AM (Brasil): _c1986. |
|
| 300 | _a4 p. | ||
| 490 |
_aComunicado Tecnico - Centro Nacional de Pesquisa da Seringueira e Dende (Brazil) _vno. 55 _xISSN 0101-2118 |
||
| 650 | _aSERINGUEIRA | ||
| 650 | _aATOMIZADOR | ||
| 650 | _aPULVERIZACAO | ||
| 650 | _aVENTO | ||
| 909 |
_a202312 _bLúcia Elande _c55 _dLúcia Elande |
||
| 942 |
_2AGRIS _n0 _cMS |
||
| 999 |
_c279913 _d279913 |
||